01496 2200421 4500001002100000005001500021035002000036007000300056008004100059020002200100040002200122082001600144084001800160090002200178090002200200100003700222245027600259250003400535300002900569650002200598700004900620700002500669700002700694700003600721700002700757700002900784700002600813700002600839700002900865700002500894850001200919041001300931264003400944336002100978337003000999338002301029990002201052INLIS00000000084868220190624094507 a0010-0619000637ta190624s2018 yoi g p ind d a978-602-5714-39-9 aYOPDYOGbinderda04223a899.222 a899.222 ETI s aDEP 899.222 ETI s aCB-D.11 2018-29350 aEti Patmah Yudawisastraepenulis10aSastra kidung semilir dalam petikan aksara jiwa /cpenulis, Eti Patmah Yudawisastra, Lilis Yuniarningsih Wiranatakusumah, Pudin Hardi, Achmad Nasihi, John Dewa Bayu Samudra, Lilis Wahidah, RB. Edi Pramono, Putri Bungsu, Bajang Sakti, Octa Libraliana; editor, Lingga Dwipa aCetakan pertama, Agustus 2018 axx, 210 halaman ;c20 cm 4aKesusastraan Jawa0 aLilis Yuniarningsih Wiranatakusumahepenulis0 aPudin Hardiepenulis0 aAchmad Nasihiepenulis0 aJohn Dewa Bayu Samudraepenulis0 aLilis Wahidahepenulis0 aRB. Edi Pramonoepenulis0 aPutri Bungsuepenulis0 aBajang Saktiepenulis0 aOcta Libralianaepenulis0 aLingga Dwipaeeditor aYOPDYOG0 aindgjav10aYogyakarta :bElmatera,c2018 2rdacontentateks 2rdamediaatanpa perantara 2rdacarrieravolume aCB-D.11/2018-2935